Responses for Show #1435 - Friday, November 23, 1990

Steve Robin game 4.
Game entered from audiorecording. Missing prizes.

Contestants

[<< previous game]

Robert Wasserman, an operations supervisor from Brooklyn, New York

Adela Oppenheim, an administrative assistant from Jamaica Estates, New York

Steve Robin, a marketing director from Scottsdale, Arizona (whose 3-day cash winnings total $28,100)

[next game >>]

Jeopardy! Round responses

FAMOUS NAMES
CARTOONS
THE SOVIET UNION
OPERA
QUOTES
APPROXIMATE WEIGHTS & MEASURES
    $100 4
Roosevelt

Adela
    $100 21
(Adela: What is a burro or a donkey?)
(Steve: What is a dog?)
...
(Alex: We've got a minute to go in the round.)

a horse

SteveAdela
Triple Stumper
    $100 6
Chernobyl

Adela
    $100 1
Bizet

Steve
    $100 16
(Henry) Ford

Robert
    $200 12
Norman Rockwell

Steve
    $200 22
(Adela: Who is Mickey Mouse?)
(Alex: Who is... ehhhh, what's up, Doc? [*].)

Bugs Bunny

Adela
Triple Stumper
    $200 7
department stores

Adela
    $200 2
opera buffa

Steve
    $200 17
"All the news that's fit to print"

Steve
    $300 13
Lon Chaney

Steve
    $300 23
Jungle Book

Steve
    $300 8
Lake Baikal

Adela
    $300 3
The Damnation of Faust

Robert
    $300 18
bologna

Robert
    $400 14
Julian Bond

Steve
    $400 24
Roger Rabbit

Steve
    $400 9
Leningrad

Steve
    $500 5
Samson and Delilah

Adela
    $400 19
victories

Robert
    $400 27
[The end-of-round signal sounds.]

a pocketful

Adela
    $500 15
(William Cullen) Bryant

Robert
    $500 25
An American Tail

Steve
    $500 11
crèpes (or pancakes)

Robert
    $500 10
Lucretia Borgia

Adela
    $500 20
Andrew Carnegie

Steve
    $500 26
(Alex: That's good to know.)

a multitude

Triple Stumper

Scores at the first commercial break (after clue 15):

Steve Adela Robert
$1,600 $1,700 $1,300

Scores at the end of the Jeopardy! Round:

Steve Adela Robert
$3,400 $1,800 $2,100

Double Jeopardy! Round responses

TRANSPORTATION FIRSTS
AMERICAN HISTORY
BESTSELLERS
WORLD FACTS
MYTHOLOGY
THE TOWER OF LONDON
    $200 21
a Mercedes

Robert
    $200 6
Hawaii

Steve
    $200 16
telephones

Adela
    $200 1
an eye

Steve
    $200 2
13

Adela
    $400 22
the Appian Way

Steve
    $400 8
December 7

Robert
    $400 17
Ireland

Adela
    $400 3
a laurel

Steve
    $400 4
(Adela: Who is Aquinas?)

Thomas More

AdelaRobert
    $600 23
the Union Pacific & the Central Pacific

Steve
    $600 9
(Adela: Who is Roosevelt?)

Hoover

SteveAdela
    $600 28
(Steve: Who is Walter Cronkite?)
...
(Alex: Robert, do you want to try it for $400?)
[The end-of-round signal sounds.]
(Robert: Nope.)
(Alex: Saved by the buzzer.)

Arthur Haley

Steve
Triple Stumper
    $600 18
the Great Barrier Reef

Adela
    $600 5
the cutter

Triple Stumper
    $600 7
(Steve: Who was Sir Francis Drake?)

Sir Walter Raleigh

SteveRobert
    $800 24
(Alex: Those were early versions of [*]. We have less than a minute to go.)

bicycles

Triple Stumper
    $800 12
George Meany

Triple Stumper
    $800 27
John Naisbitt

Triple Stumper
    $1,000 19
(Adela: What is the North Sea?)
(Alex: Oh, sorry, you're in the wrong part of the world. The Netherlands Antilles is their territory and so the correct response is "What is [*]?" You'll have to work hard again to get out of the hole.)

the Caribbean

Adela
    $800 14
a bull

Robert
    $1,200 10
Yeomen of the Guard

Steve
    $1000 25
the Lincoln Highway

Robert
    $1000 13
(Adela: Who is Haig?)

Cy Vance

SteveAdela
    $1000 26
Thomas Pynchon

Triple Stumper
    $1000 20
the Northwest Territories

Steve
    $1000 15
(Adela: Who is Oleander?)
...
(Alex: Oleander is a plant. Sorry, Adela.)

Leander

SteveAdela
    $1000 11
Anne Boleyn & Catherine Howard

Steve

Scores at the end of the Double Jeopardy! Round:

Steve Adela Robert
$9,800 -$800 $5,500

[wagering suggestions for these scores]

Final Jeopardy! Round responses

THE OLYMPICS
RobertWhat are LA & Lake Placid?
$5,500
SteveWhat were LA & Lake Placid, New York?
$1,201
Los Angeles & Lake Placid

Final scores:

Steve Adela Robert
$11,001 -$800 $11,000
4-day champion: $39,101 3rd place 2nd place

Game dynamics:

Coryat scores:

Steve Adela Robert
$9,400 $100 $5,500
22 R
(including 1 DD),
3 W
11 R
(including 1 DD),
7 W
(including 1 DD)
12 R,
0 W

Combined Coryat: $15,000

[game clues] [game scores] [suggest correction]

Game tape date: 1990-09-11
The J! Archive is created by fans, for fans. Scraping, republication, monetization, and malicious use prohibited; this site may use cookies and collect identifying information. See terms. The Jeopardy! game show and all elements thereof, including but not limited to copyright and trademark thereto, are the property of Jeopardy Productions, Inc. and are protected under law. This website is not affiliated with, sponsored by, or operated by Jeopardy Productions, Inc. Join the discussion at JBoard.tv.